000
00311nam a2200133 a 4500
008
140131s2006|||| d
100
1
_a
Foster, Charles Dr.
245
1
0
_a
Pravda bez strachu
260
_b
Eastone Books
_a
Bratislava
_c
2006
020
_c
2,99
041
_a
slo
044
_a
xo
_c
SK
958
_a
APR
999
_c
20352
_d
20352